Statistics for NFL Players that Deserve a Golden Ticket in Madden 21

Click here to take the quiz!

General Stats

  • This quiz has been taken 266 times
    (251 since last reset)
  • The average score is 58 of 87

Answer Stats

PositionTeamPlayer% Correct
QBKCPatrick Mahomes
99%
QBNETom Brady
98%
QBBALLamar Jackson
97%
QBGBAaron Rodgers
96%
QBSEARussell Wilson
94%
QBNODrew Brees
93%
QBHOUDeshaun Watson
92%
QBATLMatt Ryan
92%
RBTENDerrick Henry
91%
QBPITBen Roethlisberger
90%
SCHIEddie Jackson
90%
RBGBAaron Jones
89%
RBNOAlvin Kamara
89%
WRATLJulio Jones
89%
RBCLENick Chubb
89%
RBNYGSaquon Barkley
89%
RBDALEzekiel Elliott
88%
CBDALByron Jones
87%
OLBARIChandler Jones
87%
RBCARChristian McCaffrey
87%
MLBATLDeion Jones
87%
QBLACPhilip Rivers
87%
RBMINDalvin Cook
86%
WRGBDavante Adams
82%
WRKCTyreek Hill
82%
SNYJJamal Adams
80%
TEKCTravis Kelce
80%
WRDALAmari Cooper
79%
SBALEarl Thomas
79%
WRLACKeenan Allen
78%
WRNOMichael Thomas
78%
WRTBMike Evans
78%
WRHOUDeAndre Hopkins
77%
TESFGeorge Kittle
76%
WRMINAdam Thielen
75%
WRPITJuJu Smith-Schuster
75%
WRCLEOdell Beckham Jr.
75%
DTLARAaron Donald
73%
DEHOUJ.J. Watt
72%
OLBPITT.J. Watt
72%
SMINHarrison Smith
70%
MLBDALJaylon Smith
69%
RBLVJosh Jacobs
69%
DECLEMyles Garrett
68%
TEPHIZach Ertz
68%
MLBSEABobby Wagner
67%
WRMINStefon Diggs
67%
CBNEStephon Gilmore
67%
RBLARTodd Gurley
67%
CBLARJalen Ramsey
66%
DESFNick Bosa
66%
DTPHIFletcher Cox
65%
DELACJoey Bosa
65%
OLBCHIKhalil Mack
65%
RBNYJLe'Veon Bell
64%
CBBUFTre'Davious White
64%
OLBDENVon Miller
63%
RBBALMark Ingram
61%
RBSFRaheem Mostert
61%
DTPITCameron Heyward
60%
DENOCameron Jordan
60%
SLACDerwin James
59%
CBSFRichard Sherman
59%
CBCLEDenzel Ward
56%
CBNOMarshon Lattimore
56%
MLBCARLuke Kuechly
55%
MLBTBLavonte David
52%
CBDETDarius Slay
51%
STENKevin Byard
51%
RBLACMelvin Gordon
51%
OLBINDDarius Leonard
50%
CBARIPatrick Peterson
50%
SNEDevin McCourty
48%
DEJAXCalais Campbell
47%
OLBNEDont'a Hightower
43%
CBDENChris Harris
40%
OLBDALLeighton Vander-Esch
40%
DTCHIAkiem Hicks
38%
TEGBJimmy Graham
38%
WRSFEmmanuel Sanders
30%
CBLACCasey Hayward Jr.
29%
OLBWASRyan Kerrigan
28%
SPHIMalcolm Jenkins
27%
OLBSEAJadeveon Clowney
19%
SKCTyrann Mathieu
17%
MLBNEKyle Van Noy
16%
OLBTBShaquil Barrett
4%

Score Distribution

Percentile by Number Answered

Percent of People with Each Score

Your Score History

You have not taken this quiz since the last reset